| 000 | 01061nam a22002537a 4500 | ||
|---|---|---|---|
| 001 | 79678 | ||
| 003 | BD-RjUL | ||
| 005 | 20220410125210.0 | ||
| 008 | 220410s2000 bg a|||| m||| 00| 0 eng d | ||
| 035 | _a(BD-RjUL)79678 | ||
| 040 |
_aBD-RjUL _beng _cBD-RjUL _dBD-RjUL |
||
| 041 | _aeng | ||
| 082 |
_223 _a915.5492 _bRAA 2000 |
||
| 100 |
_aRahman, Md. Rejaur _92313 |
||
| 245 | 1 | 0 |
_aAgro-Spatial diversity in Bangladesh / _cMd. Rejaur Rahman ; _6Supervisor : Jafar, Reza Khan, Supervisor : Md. Zahidul Hassan |
| 260 |
_aRajshahi : _bDepartment of Geography & Environmental Studies Faculty of Life & Earth Science, University of Rajshahi, _c2000 |
||
| 300 |
_a[14], 270 leaves : _bill, ; _c29.cm. |
||
| 502 | _aThesis (M.Phil.) -- Department of Geography & Environmental Studies Faculty of Life & Earth Science, University of Rajshahi, 2000 | ||
| 504 | _aReferences : Leaves 265 - 270 | ||
| 650 |
_aAgro-Spatial _vGeography _zBangladesh _92314 |
||
| 700 | _aKhan, Jafar, Reza, Supervisor | ||
| 700 |
_aHassan, Md. Zahidul, Supervisor _91563 |
||
| 942 |
_2ddc _cTHE |
||
| 999 |
_c79678 _d79678 |
||